00375nam a2200121 a 450000500170000000800410001705000140005810000060007224500330007826000300011199900190014195200930016020140414131925.0101027s19uu xx 00 eng d aERbW55  a  aWhat does baby Mickey find?. bGolden Book.aNew York : c111986d111986 001040aMUbMUcERd2010-10-27l0oER W55 pM2969r2014-04-14 00:00:00w2014-04-14yBK